<?xml version="1.0" encoding="UTF-8"?>
<resp>
  <nextPage>https://data.bn.org.pl/api/networks/bibs.marcxml?marc=001+b1000002366631&amp;sinceId=1000002366632</nextPage>
  <collection>
    <record xmlns='http://www.loc.gov/MARC21/slim'><leader>03157nam a2200913 i 4500</leader><controlfield tag='001'>b1000002366631</controlfield><controlfield tag='005'>20260418080354.5</controlfield><controlfield tag='008'>220302s2007    pl     d     |000 f pol c</controlfield><controlfield tag='009'>9912647497605606</controlfield><datafield ind1=' ' ind2=' ' tag='015'><subfield code='a'>UWD 2022/26613</subfield></datafield><datafield ind1=' ' ind2=' ' tag='020'><subfield code='a'>9788324585618 :</subfield><subfield code='c'>zł 14,99</subfield></datafield><datafield ind1=' ' ind2=' ' tag='035'><subfield code='a'>(PL)b1000002366631</subfield></datafield><datafield ind1=' ' ind2=' ' tag='040'><subfield code='a'>WA N</subfield><subfield code='c'>WA N</subfield><subfield code='d'>WA N</subfield></datafield><datafield ind1='1' ind2=' ' tag='041'><subfield code='a'>pol</subfield><subfield code='h'>eng</subfield></datafield><datafield ind1=' ' ind2=' ' tag='046'><subfield code='k'>2000</subfield></datafield><datafield ind1=' ' ind2=' ' tag='080'><subfield code='a'>821.111-93</subfield></datafield><datafield ind1=' ' ind2=' ' tag='084'><subfield code='a'>08</subfield></datafield><datafield ind1='1' ind2=' ' tag='100'><subfield code='a'>Brooke, Lauren</subfield><subfield code='d'>(1969- )</subfield><subfield code='e'>Autor</subfield></datafield><datafield ind1='1' ind2='0' tag='245'><subfield code='a'>Własna droga /</subfield><subfield code='c'>Lauren Brooke ; przekład Donata Olejnik.</subfield></datafield><datafield ind1='1' ind2=' ' tag='246'><subfield code='i'>Tytuł oryginału:</subfield><subfield code='a'>Breaking free,</subfield><subfield code='f'>2000</subfield></datafield><datafield ind1=' ' ind2=' ' tag='260'><subfield code='a'>Poznań ;</subfield><subfield code='a'>Wrocław :</subfield><subfield code='b'>Wydawnictwo Dolnośląskie,</subfield><subfield code='c'>2007.</subfield></datafield><datafield ind1=' ' ind2=' ' tag='300'><subfield code='a'>168 stron ;</subfield><subfield code='c'>20 cm.</subfield></datafield><datafield ind1=' ' ind2=' ' tag='336'><subfield code='a'>Tekst</subfield><subfield code='b'>txt</subfield><subfield code='2'>rdacontent</subfield></datafield><datafield ind1=' ' ind2=' ' tag='337'><subfield code='a'>Bez urządzenia pośredniczącego</subfield><subfield code='b'>n</subfield><subfield code='2'>rdamedia</subfield></datafield><datafield ind1=' ' ind2=' ' tag='338'><subfield code='a'>Wolumin</subfield><subfield code='b'>nc</subfield><subfield code='2'>rdacarrier</subfield></datafield><datafield ind1=' ' ind2=' ' tag='380'><subfield code='a'>Książki</subfield></datafield><datafield ind1=' ' ind2=' ' tag='380'><subfield code='a'>Proza</subfield></datafield><datafield ind1=' ' ind2=' ' tag='385'><subfield code='m'>Grupa wiekowa</subfield><subfield code='a'>Młodzież</subfield></datafield><datafield ind1=' ' ind2=' ' tag='385'><subfield code='m'>Grupa wiekowa</subfield><subfield code='a'>14-17 lat</subfield></datafield><datafield ind1=' ' ind2=' ' tag='386'><subfield code='m'>Przynależność kulturowa</subfield><subfield code='a'>Literatura angielska</subfield></datafield><datafield ind1='1' ind2=' ' tag='388'><subfield code='a'>1901-2000</subfield></datafield><datafield ind1='1' ind2=' ' tag='388'><subfield code='a'>1989-2000</subfield></datafield><datafield ind1='1' ind2=' ' tag='490'><subfield code='a'>Heartland / Laruen Brooke ;</subfield><subfield code='v'>3</subfield></datafield><datafield ind1=' ' ind2='7' tag='650'><subfield code='a'>Trudne sytuacje życiowe</subfield><subfield code='2'>DBN</subfield></datafield><datafield ind1=' ' ind2='7' tag='650'><subfield code='a'>Choroby zwierząt</subfield><subfield code='2'>DBN</subfield></datafield><datafield ind1=' ' ind2='7' tag='650'><subfield code='a'>Konie</subfield><subfield code='2'>DBN</subfield></datafield><datafield ind1=' ' ind2='7' tag='650'><subfield code='a'>Ludzie a zwierzęta</subfield><subfield code='2'>DBN</subfield></datafield><datafield ind1=' ' ind2='7' tag='650'><subfield code='a'>Schroniska dla zwierząt</subfield><subfield code='2'>DBN</subfield></datafield><datafield ind1=' ' ind2='7' tag='650'><subfield code='a'>Nastolatki</subfield><subfield code='2'>DBN</subfield></datafield><datafield ind1=' ' ind2='7' tag='651'><subfield code='a'>Wirginia (Stany Zjednoczone ; stan)</subfield><subfield code='2'>DBN</subfield></datafield><datafield ind1=' ' ind2='7' tag='655'><subfield code='a'>Powieść</subfield><subfield code='2'>DBN</subfield></datafield><datafield ind1='1' ind2=' ' tag='700'><subfield code='a'>Olejnik, Donata</subfield><subfield code='e'>Tłumaczenie</subfield></datafield><datafield ind1='1' ind2=' ' tag='710'><subfield code='a'>Publicat</subfield><subfield code='e'>Wydawca</subfield><subfield code='4'>pbl</subfield></datafield><datafield ind1='1' ind2=' ' tag='800'><subfield code='a'>Brooke, Lauren</subfield><subfield code='d'>(1969- ).</subfield><subfield code='t'>Heartland</subfield><subfield code='v'>3</subfield></datafield><datafield ind1=' ' ind2=' ' tag='852'><subfield code='b'>48OMNIS_ZAM</subfield><subfield code='8'>991003844621607766</subfield></datafield><datafield ind1=' ' ind2=' ' tag='852'><subfield code='b'>48OMNIS_NETWORK</subfield><subfield code='8'>9912647497605606</subfield></datafield><datafield ind1=' ' ind2=' ' tag='852'><subfield code='b'>48OMNIS_SW1</subfield><subfield code='8'>991656986113908004</subfield></datafield><datafield ind1=' ' ind2=' ' tag='852'><subfield code='8'>2275584420007662</subfield><subfield code='j'>0</subfield><subfield code='b'>07</subfield><subfield code='p'>4000403322</subfield><subfield code='c'>U07</subfield></datafield><datafield ind1=' ' ind2=' ' tag='852'><subfield code='8'>2275584400007662</subfield><subfield code='j'>0</subfield><subfield code='b'>15</subfield><subfield code='p'>4000496112</subfield><subfield code='c'>U15</subfield></datafield><datafield ind1=' ' ind2=' ' tag='852'><subfield code='8'>226868100007907</subfield><subfield code='j'>1</subfield><subfield code='b'>OPO_6</subfield><subfield code='p'>Karcz2261</subfield><subfield code='c'>DZ_WYP</subfield></datafield><datafield ind1=' ' ind2=' ' tag='852'><subfield code='8'>2227818010008004</subfield><subfield code='j'>1</subfield><subfield code='b'>SW1_1</subfield><subfield code='p'>0000007039</subfield><subfield code='c'>SW1_1_1</subfield></datafield><datafield ind1=' ' ind2=' ' tag='852'><subfield code='b'>48OMNIS_NLOP</subfield><subfield code='8'>991052983415305066</subfield></datafield><datafield ind1=' ' ind2=' ' tag='852'><subfield code='b'>48OMNIS_ZDU</subfield><subfield code='8'>991000572909707772</subfield></datafield><datafield ind1=' ' ind2=' ' tag='852'><subfield code='8'>2212030570007910</subfield><subfield code='j'>1</subfield><subfield code='b'>RAD_4_1</subfield><subfield code='p'>270000214329</subfield><subfield code='c'>GBP</subfield></datafield><datafield ind1=' ' ind2=' ' tag='852'><subfield code='8'>227608880007772</subfield><subfield code='j'>1</subfield><subfield code='b'>FKO</subfield><subfield code='p'>308016412</subfield><subfield code='c'>F_KO</subfield></datafield><datafield ind1=' ' ind2=' ' tag='852'><subfield code='8'>2212030540007910</subfield><subfield code='j'>1</subfield><subfield code='b'>RAD_5_1</subfield><subfield code='p'>858000243657</subfield><subfield code='c'>GBP</subfield></datafield><datafield ind1=' ' ind2=' ' tag='852'><subfield code='8'>2218599180007766</subfield><subfield code='j'>1</subfield><subfield code='b'>BG_ZAM_1</subfield><subfield code='p'>10177873</subfield><subfield code='c'>ZAM1_BDM_W</subfield><subfield code='z'>59107BDM</subfield></datafield><datafield ind1=' ' ind2=' ' tag='852'><subfield code='8'>22704741330005066</subfield><subfield code='j'>1</subfield><subfield code='h'>3.202.282 A</subfield><subfield code='b'>BN_PL</subfield><subfield code='p'>30001029062391</subfield><subfield code='c'>bk1</subfield></datafield><datafield ind1=' ' ind2=' ' tag='852'><subfield code='8'>227608860007772</subfield><subfield code='j'>1</subfield><subfield code='b'>FJA</subfield><subfield code='p'>306013330</subfield><subfield code='c'>F_JA</subfield></datafield><datafield ind1=' ' ind2=' ' tag='852'><subfield code='b'>48OMNIS_MBP</subfield><subfield code='8'>990001690870207662</subfield></datafield><datafield ind1=' ' ind2=' ' tag='852'><subfield code='b'>48OMNIS_OPO</subfield><subfield code='8'>9917473707907</subfield></datafield><datafield ind1=' ' ind2=' ' tag='852'><subfield code='b'>48OMNIS_RAD</subfield><subfield code='8'>991000639369707910</subfield></datafield><datafield ind1=' ' ind2=' ' tag='920'><subfield code='a'>978-83-245-8561-8 : zł 14,99</subfield></datafield></record>
  </collection>
</resp>
